| 000 | 00712nam a2200229 4500 | ||
|---|---|---|---|
| 003 | OSt | ||
| 005 | 20240704015530.0 | ||
| 006 | a | ||
| 008 | 240704b |||||||| |||| 00| 0 eng d | ||
| 020 | _a9781405136983 | ||
| 040 |
_aDWCL-Main lib. _cOC |
||
| 082 | _aCirc. 639.9 T748e 2008 | ||
| 100 | _aTownsend, Colin R. | ||
| 245 | _aEcological applications : toward a sustainable world / | ||
| 260 |
_aUSA : _bBlackwell Pub., _cc2008. |
||
| 300 |
_axvi, _b346 p. : ill. ; _c25 cm. |
||
| 504 | _aIncludes bibliographical references and index. | ||
| 650 | _a1. Applied ecology. | ||
| 650 | _a2. Nature-Effects of human beings on. | ||
| 650 | _a3. Sustainable development. | ||
| 942 |
_2ddc _n0 _cBK-CIRC _kCirc. |
||
| 999 |
_c1919 _d1919 |
||